| 000 | 00680nam a22002057a 4500 | ||
|---|---|---|---|
| 005 | 20231012102456.0 | ||
| 008 | 231012b ||||| |||| 00| 0 eng d | ||
| 020 | _a9780070681897 | ||
| 040 | _cAIMIT LIBRARY | ||
| 082 |
_23 _a005.1331 _bRAVD |
||
| 100 |
_aRavichandran D. _9137616 |
||
| 245 |
_aProgramming with c++ / _cBy D Ravichandran. |
||
| 250 | _a3rd ed. | ||
| 260 |
_aNew Delhi : _bTata McGraw Hill Education Pvt.Ltd , _c2003. |
||
| 300 |
_axx,843p. ; _bPB _c24 cm. |
||
| 650 |
_aBuilding ANSI c++ program _9137617 |
||
| 650 |
_aFunctions and program structures _9137618 |
||
| 650 |
_aSingle and multiple inheritance _9137619 |
||
| 942 |
_2ddc _cBK _e3rd ed. _k005.1331 RAVD |
||
| 999 |
_c228959 _d228959 |
||